000 00576nam a2200193Ia 4500
005 20250326143651.0
008 250326s9999 xx 000 0 und d
020 _a1-55860-713-7
037 _aTextbook
040 _aFMSL
_beng
_cFMSL
041 _aeng
_2eng
084 _aXobD658(2:55) P1
_qFMSL
100 _aSimon Alan R.
_9515100
245 0 _aDatawarehousing and business intelligence for E- commerce
_cSimon Alan R.
260 _aUSA
_bUSA, Morgan Kaufmann
_c2001
300 _a287p
942 _cTB
_hXobD658(2:55) P1
999 _c1300506
_d1300506